000 00749nam a2200253 a 4500
001 00003270
008 110328s1990 a g 000 0 eng d
020 _a0201114976 :
_cTk.1079.00
040 _aBD-DhIUB
_cBD-DhIUB
082 0 4 _a005.133C++
_219
100 1 _aHansen, Tony L.
245 0 0 _aThe C++ answer book /
_cTony L. Hansen
250 _a1st ed.
260 _aReading, Mass. :
_bAddison-Wesley Publishing Company,
_c1990.
300 _aix, 578 p. :
_bill. ;
_c23 cm.
504 _aIncludes index
520 0 _aComputer Science
556 _a1997-06-05
650 1 7 _aComputer programming
_2Spines
650 1 7 _aComputer language
_2Spines
653 0 0 _aC programming language
999 _c11480
_d11480
526 _bcse